New Zealand Government Online (Record no. 120076)

MARC details
000 -LEADER
fixed length control field 00531cam a2200157 4500
001 - CONTROL NUMBER
control field WS118703
008 - FIXED-LENGTH DATA ELEMENTS--GENERAL INFORMATION
fixed length control field 020704n 000 0 eng u
035 ## - SYSTEM CONTROL NUMBER
System control number (Sirsi) u118703
245 ## - TITLE STATEMENT
Title New Zealand Government Online
520 ## - SUMMARY, ETC.
Summary, etc. Web site for the offiicial gateway to the New Zealand government including links to government departments.
650 ## - SUBJECT ADDED ENTRY--TOPICAL TERM
Topical term or geographic name entry element NEW ZEALAND
650 ## - SUBJECT ADDED ENTRY--TOPICAL TERM
Topical term or geographic name entry element GOVERNMENT
690 ## - LOCAL SUBJECT ADDED ENTRY--TOPICAL TERM (OCLC, RLIN)
Topical term or geographic name as entry element INTERNATIONAL-AUSTRALASIA
856 40 - ELECTRONIC LOCATION AND ACCESS
Uniform Resource Identifier <a href="https://www.govt.nz">https://www.govt.nz</a>
Public note View the website free of charge at www.govt.nz...
942 ## - ADDED ENTRY ELEMENTS (KOHA)
Suppress in OPAC 0
Holdings
Withdrawn status Lost status Source of classification or shelving scheme Damaged status Not for loan Home library Current library Shelving location Date acquired Total Checkouts Full call number Barcode Date last seen Copy number Price effective from Koha item type
    Dewey Decimal Classification     Virtual Virtual Online 04/07/2002   WEB SITE 118703-2001 06/08/2019 1 06/08/2019 Online material